000 00231 a2200097 4500
001 48152
100 _aChuechill, W.S
245 _aHistory of English speaking people
260 _aLondon
_bCassell and Co
_c
090 _c31121
_d31121
942 _aNUST-CAE
_cM
_c23472
999 _c283225
_d283225